000
00292nam a2200109Ia 4500
008
230907s9999||||xx |||||||||||||| ||und||
082
_a
621.3815
_b
LUC
100
_a
Lu, Yan.
_9
115434
245
0
_a
CMOS integrated circuit design for wireless power transfer /
300
_a
161 p.
942
_c
BK
999
_c
598398
_d
598398